| 000 | 00877nam a2200265 a 4500 | ||
|---|---|---|---|
| 001 | 59956 | ||
| 003 | BD-RjUL | ||
| 005 | 20211209080805.0 | ||
| 008 | 161228s1984 cau b 001 0 eng | ||
| 020 |
_a0534029973 (pbk.) : _c$13.95 |
||
| 035 | _a(BD-RjUL)60080 | ||
| 040 |
_aDLC _cDLC _dBD-RjUL _beng |
||
| 041 | _aeng | ||
| 082 | 0 | 0 |
_a362.88 _223 _bKAC 1984 |
| 100 | 1 |
_aKarmen, Andrew. _9178346 |
|
| 245 | 1 | 0 |
_aCrime victims : _ban introduction to victimology / _cAndrew Karmen. |
| 260 |
_aMonterey, Calif. : _bBrooks/Cole Pub. Co., _c1984. |
||
| 300 |
_axvii, 269 p. ; _c24 cm. |
||
| 490 | 0 | _aContemporary issues in crime and justice series | |
| 504 | _aIncludes bibliographies and index. | ||
| 650 | 0 |
_aVictims of crimes _zUnited States. _9178347 |
|
| 650 | 0 |
_aReparation (Criminal justice) _zUnited States. _9178348 |
|
| 942 |
_2ddc _cBK |
||
| 999 |
_c59956 _d59956 |
||